| 000 | 00908nam a2200265 i 4500 | ||
|---|---|---|---|
| 001 | bimo0000409743 | ||
| 003 | OSt | ||
| 005 | 20140814172503.0 | ||
| 008 | 940712s2008 esp spa | ||
| 020 | _a978-84-7509-202-7 | ||
| 040 |
_aSpMaBN _bspa _cBMC _erdc |
||
| 082 | _a070 | ||
| 100 | 1 |
_aDeFleur, Melvin L. _920804 |
|
| 245 | 1 | 0 |
_aTeorías de la comunicación de masas _cMelvin L. De Fleur, Sandra J. Ball-Rokeach ; [traducción de la 5ª edición por Joan Soler Chic] |
| 250 | _aNueva ed. rev. y amp | ||
| 260 |
_aBarcelona ; Buenos Aires ; México _bPaidós _c2008 |
||
| 300 |
_a463 p. _c22 cm |
||
| 490 |
_aPaidós Comunicación _v2 |
||
| 500 | _aÍndices p. [449]-463 | ||
| 594 | _1Traducción de: Theories of mass communication | ||
| 650 | 2 | 4 |
_aMedios de comunicación social _92646 |
| 700 | 1 |
_aBall-Rokeach, Sandra J. _912327 |
|
| 700 | 1 |
_aSoler Chic, Joan _912328 |
|
| 942 |
_2ddc _cBK |
||
| 999 |
_c6302 _d6302 |
||